000 01231naa a22003497a 4500
001 BR7603117
003 BR-BrBNA
005 20240918173848.0
007 ta
008 230509b bl.||||| |||| 00| 0 por d
040 _aBR-BrBNA
_bpor
_cBiblioteca Nacional de Agricultura
041 _a(Pt)
072 _aF22; F23
_b3866
_bG514
090 _aF22 BR7603117
100 1 _aBataglia, O.C.
100 1 _aFurlani, P.R.
100 1 _aValadares, J.M.A.S.
111 1 _a15. Congresso Brasileiro de Ciencia do Solo
_cCampinas, SP (Brazil)
_d14 Jul 1975
245 1 _aO molibdenio em solos do estado de Sao Paulo [Absorcao; Analise do solo; Horizonte; Perfil do solo; Brasil]
260 3 _aCampinas, SP (Brasil):
_c1976.
500 _aAnais do 15. Congresso Brasileiro de Ciencia do Solo Campinas, SP (Brasil): 1976. p. 107-111 (BR7603117-AM)F22
650 _aMOLIBDENIO
650 _aANALISE DO SOLO
650 _aTEXTURA DO SOLO
650 _aHORIZONTE
650 _aPERFIL DO SOLO
650 _aSOLO
650 _aSAO PAULO
773 0 _tAnais do 15. Congresso Brasileiro de Ciencia do Solo
_wF22 BR7603117
_gCampinas, SP (Brasil), 1976. p. 107-111
909 _a202404
_bLucia
_c55
_dLucia Elande
942 _cAM
_2AGRIS
999 _c307346
_d307346